00343nam a2200145Ia 4500008004100000020001500041041001200056082001600068100001800084245002900102260002500131300000800156650001500164700001800179221030s9999 xx 000 0 und d a0074624520 aEnglish a105.23bRaj aS. M. S. Raju 0aTotal Quality Management bTMHaNew Delhic2003 a388 aManagement aS. M. Sundara